Décret de syndicalisation obligatoire des cultivateurs et règlement d'application
Descripción Física:
18 p. ; 24 cm
MARC
| LEADER | 00000nam a2200000Ia 4500 | ||
|---|---|---|---|
| 001 | 8867 | ||
| 008 | 160829s1937 xx 000 0 cat d | ||
| 080 | |a RF-6-50 | ||
| 100 | |a Catalunya. Lleis, etc. |9 35754 | ||
| 245 | |a Décret de syndicalisation obligatoire des cultivateurs et règlement d'application | ||
| 260 | |a Barcelona : |b Généralité de Catalogne. Département de l'Agriculture, |c 1937 | ||
| 300 | |a 18 p. ; |c 24 cm | ||
| 650 | |a Treballadors agrícoles |x Sindicats |x Dret i legislació |x Catalunya |9 28180 | ||
| 710 | 1 | |a Catalunya. |b Departament d'Agricultura |9 55594 | |
| 856 | 4 | |u https://media.diba.cat/diba/fitxers/arxiu/fulletons/bib_8867_1937_baixa.pdf |y Accés lliure | |
| 856 | 4 | |u https://media.diba.cat/diba/fitxers/arxiu/fulletons/bib_8867_1937_baixa.pdf |y Accés lliure | |
| 901 | |a Arxiu | ||
| 942 | |n 1 |2 udc | ||
| 952 | |0 0 |1 0 |4 0 |6 RF650 |7 1 |9 46236 |a Arxiu |b Arxiu |d 2016-12-01 |l 0 |o RF-6-50 |p 8867 |r 2016-12-01 00:00:00 |w 2016-12-01 |y ARXIU | ||
| 999 | |c 49738 |d 49738 | ||
| 900 | |a bib_8867_1937_baixa.pdf | ||